LIBRARY & INFORMATION CENTRE, KCAET, TAVANUR

ONLINE PUBLIC ACCESS CATALOGUE (OPAC)

Economic of location (Record no. 11178)

MARC details
000 -LEADER
fixed length control field 00335cam a2200145ua 4500
041 ## - LANGUAGE CODE
Language code of text/sound track or separate title eng
082 ## - DEWEY DECIMAL CLASSIFICATION NUMBER
Classification number 330.1
Item number LOS/EC
100 ## - MAIN ENTRY--AUTHOR NAME
Personal name losch, August .
245 ## - TITLE STATEMENT
Title Economic of location
260 ## - PUBLICATION, DISTRIBUTION, ETC. (IMPRINT)
Place of publication London :
Name of publisher New haven, Yole University press ,
Year of publication 1964.
300 ## - PHYSICAL DESCRIPTION
Number of Pages 520 ; .
942 ## - ADDED ENTRY ELEMENTS (KOHA)
Koha item type Books
Holdings
Withdrawn status Lost status Damaged status Home library Current library Date acquired Full call number Accession Number Koha item type Public note
Withdrawn     KAUAET Sanskrit University 07/04/2012 330.1 8025 Books Transferred to Sanskrit University
free website counter